Giải tích toán học; T1 Năm thứ nhất Khoa học chính xác

Guardat en:
Dades bibliogràfiques
Autor principal: Viện Đại học Cần Thơ
Format: Llibre
Idioma:Undetermined
Publicat: Cần Thơ Viện Đại học Cần Thơ 1975
Matèries:
Etiquetes: Afegir etiqueta
Sense etiquetes, Sigues el primer a etiquetar aquest registre!
Thư viện lưu trữ: Trung tâm Học liệu Trường Đại học Cần Thơ
LEADER 00612nam a2200193Ia 4500
001 CTU_1248
008 210402s9999 xx 000 0 und d
082 |a 515 
082 |b H401/T1 
100 |a Viện Đại học Cần Thơ 
245 0 |a Giải tích toán học; T1 
245 0 |b Năm thứ nhất Khoa học chính xác 
245 0 |c Viện Đại học Cần Thơ 
260 |a Cần Thơ 
260 |b Viện Đại học Cần Thơ 
260 |c 1975 
650 |a mathematical analysis 
904 |i Minh, 960812 
980 |a Trung tâm Học liệu Trường Đại học Cần Thơ